000 00615nam a2200193Ia 4500
005 20250507130150.0
008 008 250505s9999 xx 000 0 eng d
037 _aDIS
040 _aEASL
_beng
_cEASL
041 _aeng
_2eng
084 _a0000163
_qEASL
100 _aBasu Narayani
_9154050
245 0 _aUnited States and China: Competing discourses of regionalism in East Asia Dr. Abanti Bhattacharya
260 _aIndia
_bUnivesity of Delhi. Social Sciences. East Asian Studies (Delhi India)
_c2012
300 _a143p.
650 _aCEL
942 _cDIS
_h0000163
999 _c1318051
_d1318051